Enciclopedia de los animales
Kaydedildi:
| Materyal Türü: | Kitap |
|---|---|
| Dil: | İspanyolca |
| Baskı/Yayın Bilgisi: |
Santiago
Diarios Regionales
1990
Santiago El Mercurio 1990 |
| Konular: | |
| Etiketler: |
Etiketle
Etiket eklenmemiş, İlk siz ekleyin!
|
MARC
| LEADER | 00000nam a2200000 a 4500 | ||
|---|---|---|---|
| 001 | UCK4060 | ||
| 003 | CL-VaPUC | ||
| 008 | 050520e19900000cl |||||||||||||||||spa|d | ||
| 082 | 0 | 4 | |a 590.3 |b ENC |2 21 |
| 245 | 1 | 0 | |a Enciclopedia de los animales |
| 300 | |a pág. irreg | ||
| 942 | |c BK | ||
| 945 | |d 20050520 00:00:00 |a cmena | ||
| 260 | |a Santiago |b Diarios Regionales |c 1990 | ||
| 260 | |a Santiago |b El Mercurio |c 1990 | ||
| 650 | 0 | |a Animales |9 269820 | |
| 650 | 0 | |a Zoología |9 261613 | |
| 650 | 0 | |a Vertebrados |9 320144 | |
| 650 | 0 | |a Invertebrados |9 261302 | |
| 583 | |a last modification |c 20171010 11:10:07 |k Rodrigo Vera | ||
| 999 | |c 313035 |d 313033 | ||
| 952 | |0 0 |1 0 |4 0 |6 590_300000000000000_ENC_1990_1990 |7 0 |8 X |9 384090 |a BIBEDU |b BIBEDU |d 2019-11-22 |i 4128907 |o 590.3 ENC 1990 1990 |p 4128907 |r 2023-01-13 |w 2019-11-22 |y BK_X |k EBA | ||